Let's find out where it's at (Record no. 76016)
[ view plain ]
| 000 -LEADER | |
|---|---|
| fixed length control field | 00974cab a2200181 4500 |
| 001 - CONTROL NUMBER | |
| control field | ##L131276 |
| 008 - FIXED-LENGTH DATA ELEMENTS--GENERAL INFORMATION | |
| fixed length control field | 051017n2005 000 0 eng u |
| 035 ## - SYSTEM CONTROL NUMBER | |
| System control number | (Sirsi) u131276 |
| 041 0# - LANGUAGE CODE | |
| Language code of text/sound track or separate title | eng |
| 100 1# - MAIN ENTRY--PERSONAL NAME | |
| Personal name | Tinworth, Adam |
| 245 ## - TITLE STATEMENT | |
| Title | Let's find out where it's at |
| 260 3# - PUBLICATION, DISTRIBUTION, ETC. | |
| Date of publication, distribution, etc. | 2005 |
| 490 #0 - SERIES STATEMENT | |
| Series statement | Estates Gazette |
| Volume/sequential designation | (0540) 8 October 2005, 68-69(2) |
| 520 ## - SUMMARY, ETC. | |
| Summary, etc. | Looks at ways of finding the best location to develop in the third of four articles on property research (see also L131110 and L131183). Describes the development of location research, the introduction of GIS systems, the source of primary data and the concept of gravity modelling but insists site visits are still vital. Getting investors and developers to use location models remains a key challenge. Location researchers will need to hone their predictive ability to smaller and smaller areas in future, even to street level |
| 590 ## - LOCAL NOTE (RLIN) | |
| Local note | IKA251005 |
| 690 ## - LOCAL SUBJECT ADDED ENTRY--TOPICAL TERM (OCLC, RLIN) | |
| Topical term or geographic name as entry element | PROPERTY-PROPERTY MARKET |
| 942 ## - ADDED ENTRY ELEMENTS (KOHA) | |
| Suppress in OPAC | 0 |
| Withdrawn status | Lost status | Source of classification or shelving scheme | Damaged status | Not for loan | Home library | Current library | Shelving location | Date acquired | Total Checkouts | Full call number | Barcode | Date last seen | Copy number | Price effective from | Koha item type |
|---|---|---|---|---|---|---|---|---|---|---|---|---|---|---|---|
| Dewey Decimal Classification | London | London | Journal article | 17/10/2005 | L131276 | 131276-1001 | 06/08/2019 | 1 | 06/08/2019 | Journal article |